| 000 | 02401nam a2200457 i 4500 | ||
|---|---|---|---|
| 001 | nkc20213361924 | ||
| 003 | CZ PrSKC | ||
| 005 | 20251212085521.0 | ||
| 007 | ta | ||
| 008 | 210930s2021 xr a c f 001 j cze | ||
| 020 | _a9788076750319 | ||
| 040 |
_aBOA001 _bcze _erda |
||
| 041 | 1 |
_acze _hger |
|
| 072 | 7 |
_a51 _xMatematika _2Konspekt |
|
| 072 | 7 |
_a0/9-053.2 _xLiteratura pro děti a mládež (naučná) _2Konspekt |
|
| 080 |
_a51 _2MRF |
||
| 080 |
_a(0.062) _2MRF |
||
| 080 |
_a(0:82-32) _2MRF |
||
| 080 |
_a(0.053.2) _2MRF |
||
| 100 | 1 |
_aEnzensberger, Hans Magnus, _d1929-2022 _4aut _920141 |
|
| 240 | 1 | 0 |
_aZahlenteufel. _lČesky |
| 245 | 1 | 0 |
_aMatematický čert : _bkniha pod polštář pro všechny, kteří mají strach z matematiky / _cHans Magnus Enzensberger ; s ilustracemi Rotraut Susanne Bernerové ; z německého originálu Der Zahlenteufel ... přeložili Hermína Marxová a Jaroslav Nešetřil |
| 250 | _aDruhé vydání v českém jazyce | ||
| 264 | 1 |
_aPraha : _bDokořán, _c2021 |
|
| 300 |
_a238 stran : _bbarevné ilustrace ; _c24 cm |
||
| 500 | _aObsahuje rejstřík | ||
| 520 | 2 |
_aKniha pro všechny od 9 do 99 let, kteří se chtějí přátelskou formou vyprávění seznámit s matematikou, se světem čísel. _bDvanáctiletý Robert nemá matematiku vůbec rád, při hodinách pana učitele Kozla se nudí. Jednou v noci se mu zdá zvláštní sen. Seznámí se v něm s čertem Matematikusem, který mu postupně vypráví o nejrůznějších číslech a matematických jevech. V dalších a dalších snech se čert vrací a povídá o prvočíslech, přirozených číslech, iracionálních číslech, imaginárních číslech, ale i např. Bonachiho číslech či číslech trojúhelníkových. Robert se dozvídá o násobení, dělení, zlomcích i o Pythagorově větě a mnoha dalších zajímavostech. Text doprovázejí barevné veselé ilustrace snů. |
|
| 650 | 0 | 7 |
_amatematika _2czenas _98817 |
| 650 | 0 | 9 |
_amathematics _2eczenas _98819 |
| 655 | 7 |
_apopulárně-naučné publikace _9223 |
|
| 655 | 7 | _apříběhy | |
| 655 | 7 | _apublikace pro děti | |
| 655 | 9 |
_apopular works _9224 |
|
| 655 | 9 | _astories | |
| 655 | 9 | _achildren's literature | |
| 700 | 1 |
_aBerner, Rotraut Susanne, _d1948- _4ill _91811 |
|
| 700 | 1 |
_aMarxová, Hermína _4trl _920142 |
|
| 700 | 1 |
_aNešetřil, Jaroslav, _d1946- _4trl _920143 |
|
| 910 | _aABG508 | ||
| 999 |
_c33828 _d33828 |
||